000 00690nmm a2200205Ia 4500
008 251105s9999||||xx |||||||||||||||||und||
020 _a9788476588253
041 _aspa
100 _aTomás, Facundo
245 0 _aEpistolarios de Joaquín Sorolla. I. Correspondencia con Pedro Gil Moreno de Mora
264 _a[Madrid, España] :
_bAnthropos,
_c2007
300 _a397 páginas
490 _aAutores, textos y temas. Teoría e historia de las artes
650 _aPainting & Decorative Arts
700 _aTomás, Facundo
700 1 _a Garín, Felipe
700 1 _a Justo, Isabel Y Barrón, Sofía (Eds.)
856 _uhttps://public.digitaliapublishing.com/a/15729
942 _cCF
999 _c71976
_d71976